| 000 | 00447nam a22001217a 4500 | ||
|---|---|---|---|
| 082 | _a200 THE | ||
| 100 |
_aZo-Afshan _973222 |
||
| 245 | _aTH-SOF-1805-Segmentation and Classification of Phonocardiogram Signals using Machine Learning Techniques | ||
| 260 |
_aISLAMABAD _bNUST COLLEGE OF EME _c2020 |
||
| 650 |
_aMS-COMPUTER ENGINEERING-17 _973223 |
||
| 700 |
_aSupervisor Dr. Farhan Hussain Co-Supervisor Dr. Shahzor Ahmad _973224 |
||
| 942 |
_cCF _2ddc |
||
| 999 |
_c579042 _d579042 |
||